Административное право России: курс лекций

Dades bibliogràfiques
Autor corporatiu: Российская академия наук Институт государства и права (ИГП РАН)
Altres autors: Хаманеева Н. Ю. (редактор)
Sumari:Исключено из фонда НТБ ТПУ
Idioma:rus
Publicat: Москва, Проспект, 2007
Format: MixedMaterials Llibre
KOHA link:https://koha.lib.tpu.ru/cgi-bin/koha/opac-detail.pl?biblionumber=109884

MARC

LEADER 00000nam0a2200000 4500
001 109884
005 20231031120215.0
010 |a 5482011666 
035 |a (RuTPU)RU\TPU\book\118661 
090 |a 109884 
100 |a 20070214d2007 m y0rusy50 ca 
101 0 |a rus 
102 |a RU 
105 |a y j 000zy 
200 1 |a Административное право России  |e курс лекций  |f Институт государства и права; Российская академия наук; под ред. Н. Ю. Хаманеевой 
210 |a Москва  |c Проспект  |d 2007 
215 |a 704 с. 
333 |a Исключено из фонда НТБ ТПУ 
702 1 |a Хаманеева  |b Н. Ю.  |4 340 
712 0 2 |a Российская академия наук  |b Институт государства и права (ИГП РАН) 
801 1 |a RU  |b 63413507  |c 20070214  |g PSBO 
801 2 |a RU  |b 63413507  |c 20220615  |g PSBO 
942 |c BK